<?xml version="1.0" encoding="UTF-8"?>
<record
    xmlns:xsi="http://www.w3.org/2001/XMLSchema-instance"
    xsi:schemaLocation="http://www.loc.gov/MARC21/slim http://www.loc.gov/standards/marcxml/schema/MARC21slim.xsd"
    xmlns="http://www.loc.gov/MARC21/slim">

  <leader>00945nam a2200205   4500</leader>
  <controlfield tag="008">200210s2000    a  ||||gr|||| 001 1 spa d</controlfield>
  <datafield tag="020" ind1=" " ind2=" ">
    <subfield code="a">9500718332</subfield>
  </datafield>
  <datafield tag="041" ind1=" " ind2=" ">
    <subfield code="a">spa</subfield>
  </datafield>
  <datafield tag="092" ind1=" " ind2=" ">
    <subfield code="c">808</subfield>
    <subfield code="l">6</subfield>
    <subfield code="s">BEN</subfield>
  </datafield>
  <datafield tag="100" ind1="1" ind2=" ">
    <subfield code="a">Benedetti, Mario.</subfield>
    <subfield code="9">3212</subfield>
  </datafield>
  <datafield tag="245" ind1=" " ind2=" ">
    <subfield code="a">Primavera con una esquina rota /</subfield>
    <subfield code="c">Mario Benedetti.</subfield>
  </datafield>
  <datafield tag="250" ind1=" " ind2=" ">
    <subfield code="a">1a ed.</subfield>
  </datafield>
  <datafield tag="260" ind1=" " ind2=" ">
    <subfield code="a">Buenos Aires:</subfield>
    <subfield code="b">Sudamericana;</subfield>
    <subfield code="c">2000.</subfield>
  </datafield>
  <datafield tag="300" ind1=" " ind2=" ">
    <subfield code="a">185 p.</subfield>
  </datafield>
  <datafield tag="500" ind1=" " ind2=" ">
    <subfield code="a">Benedetti, M. (2000). Primavera con una esquina rota. (1a ed.). Buenos Aires : Sudamericana.
</subfield>
  </datafield>
  <datafield tag="505" ind1=" " ind2=" ">
    <subfield code="a">Escrita entre 1980 y 1981, la novela Primavera con una esquina rota proyecta desde distintas perspectivas visiones contrastantes del pa&#xED;s de la a&#xF1;oranza y logra, mediante un estilo directo y contundente, transmitir la nostalgia y los m&#xFA;ltiples sentimientos del destierro, que van del inmediato dolor a la esperanza de felicidad. </subfield>
  </datafield>
  <datafield tag="590" ind1=" " ind2=" ">
    <subfield code="a">Donaci&#xF3;n, febrero 2020.</subfield>
  </datafield>
  <datafield tag="655" ind1=" " ind2=" ">
    <subfield code="a">Literatura</subfield>
    <subfield code="9">2917</subfield>
  </datafield>
  <datafield tag="942" ind1=" " ind2=" ">
    <subfield code="2">ddc</subfield>
    <subfield code="c">LIT</subfield>
  </datafield>
  <datafield tag="999" ind1=" " ind2=" ">
    <subfield code="c">3058</subfield>
    <subfield code="d">3058</subfield>
  </datafield>
  <datafield tag="952" ind1=" " ind2=" ">
    <subfield code="0">0</subfield>
    <subfield code="1">0</subfield>
    <subfield code="2">ddc</subfield>
    <subfield code="4">0</subfield>
    <subfield code="7">0</subfield>
    <subfield code="a">BFM</subfield>
    <subfield code="b">BFM</subfield>
    <subfield code="c">CR</subfield>
    <subfield code="d">2020-02-10</subfield>
    <subfield code="e">Donaci&#xF3;n, febrero 2020.</subfield>
    <subfield code="l">0</subfield>
    <subfield code="o">808 6 BEN</subfield>
    <subfield code="p">4607</subfield>
    <subfield code="r">2020-02-10</subfield>
    <subfield code="t">Ej. 1</subfield>
    <subfield code="w">2020-02-10</subfield>
    <subfield code="y">LIT</subfield>
    <subfield code="z">Donaci&#xF3;n, febrero 2020.</subfield>
  </datafield>
</record>
